00506cam a2200169 a 4500020002400000040000800024082002600032100002500058245005100083260004500134300004100179500002000220650001400240650002600254650003600280700002000316 a0078821444 (pbk.) : cOCo00a005 OSB 1996 A004 Or.1 aCrumlish, Christian.10aWeb publishing with Netscape for busy people / aBerkeley :bOsborne/McGraw-Hill,cc1996. axxiii, 279 p. :bcol. ill. ;c24 cm. aIncludes index. 0aWeb sites 0aWeb site development. 0aHTML (Document markup language)1 aHumes, Malcolm.